01711cam a22004097a 4500003000500000005001700005008004100022010001000063011001000073035001000083040000900093090001000102100004500112245015000157260004100307300003800348502016700386590003700553590004100590590004100631590004100672590004200713650001700755650002000772650002000792650003200812650002300844650002600867901000700893905001300900942000900913949005500922949004100977999001701018952014001035952012601175CHAP20220329142359.0001018d2000 mx o r 00110 spa d a82646 a83618 a94133 cCHAP aTesis00aAlbores González, María Luisa.9350310aLombricompostas usadas como sustrato y abono orgánico en tres variedades de alcatraz (Zandeteschia spp)c/por María Luisa Albores González. aChapingo, Méx. :bEl autor,c2000. a108 h. :bfots., cuads., gráfs. aTesis (Ing. Agr. Esp. en Zonas Tropicales) -- UACH. Dirección de Centros Regionales Universitarios. Orientación Terminal en Cafeticultura y Diversificación. aALEPHb10c20130110lUCH01h1438 aBATCH-UPDb10c20130110lUCH01h0628 aBATCH-UPDb10c20130410lUCH01h0311 aBATCH-UPDb10c20130913lUCH01h1829 aCONVERSIONb10c20130109lUCH01h134614aAbonos.923514aAlcatraz.9358214aCompost.92610514aLombrices de tierra.96752014aSustratos.911078914aZantedeschia.9123624 aBK aEdna Luz cFOLL bBCcTESd33724000803250eTS2fc.2h37304i94133si bBCcTESd94133eTS1h37303i94133sb c82646d82646 00102local4053708TESISaBCbBCcPA_TESISd2019-12-31fTESISl0oTesisp33724000803250r2019-12-31 00:00:00tc.2w2019-12-31yTESIS 00102local4051708TESISaBCbBCcPA_TESISd2019-12-31fTESISl0oTesisp94133r2019-12-31 00:00:00w2019-12-31yTESIS